00524nam a22001697a 450000500170000001000150001702000260003203500140005803700130007208200130008510000200009824500700011826000420018827000800023030000230031050000210033320180423142557.0 aENG-122777 a9789352805082c595.00 aEN-106309 bDBAD/PUB00a507.2054 aAggarwal, Varun10aLeading science and technology : india next? /cby Varun Aggarwal a New Delhi bSAGE Publications,c2018 aB1/I-1 Mohan Cooperative Industrial Area, Mathura Roadb New Delhi e110044 a277p.c22 cm.(pbk) aIt include index